000 00955ngm a22003250a 4500
001 PT19555
003 AR-LpoUNG
005 20210202000314.0
007 vd cvaizq
008 191001s1958||||ag |||||||||||||||||pol d
040 _aAR-LpoUNG
_bspa
_cAR-LpoUNG
_eaacr
041 _apol
044 _aag
082 0 _a943.805 4 138cen
100 1 _aWajda, Andrzej
_edir.
245 1 0 _aCenizas y diamantes
260 _aBuenos Aires :
_bYesterday Video Home,
_c1958.
300 _aVHS (105 min.) : son., byn
505 0 _aSubtítulos en castellano
520 _aUn joven soldado de la Resistencia recibe órdenes para asesinar a un importante líder comunista el último día de la Segunda Guerra Mundial.
650 4 _aCONFLICTOS POLITICOS
650 4 _aCRIMENES DE GUERRA
650 4 _aDESARROLLO POLITICO
650 4 _aGUERRA CIVIL
650 4 _aPOLONIA
651 4 _aPolonia
653 _aVIDEOS
905 _a19555
942 _cVIDEO
999 _c54584
_d54584